000 01083nam0a2200313 4500
001 RU\NLR\BIBL_A\022459077
005 20250429120324.0
010 _a978-5-00202-511-4
_976
021 _aRU
_bКН-П-24-071506
_9КН-П-24-7139
035 _a(NLR Aleph) 022459077
090 _a13362919
_c13362919
100 _a20250214d2024 u y0rusy50 ca
101 0 _arus
102 _aRU
105 _aac z 000zy
181 0 _ai3
_baxxe
182 0 _an
200 1 _aМыслей моих полёт
_e[сборник]
_fАндрей Шиль
203 _aТекст
_bвизуальный
_cнепосредственный
210 _aБарнаул
_cНовый формат
_d2024
215 _a191 с.
_cил., портр., цв. ил., цв. портр.
_d21
327 1 _aСодерж.: разд.: Стихи; Проза; Очерки
686 2 _aШ6(2=Р)8я44
700 1 _aШиль
_bА. Ф.
_f1952-
_gАндрей Фёдорович
942 _cBOOK
980 _aNB